| 000 | 00817nam a2200301Ia 4500 | ||
|---|---|---|---|
| 008 | 170203s9999 xx 000 0 und d | ||
| 020 | _a9780545017152 | ||
| 050 | _aFic | ||
| 050 | _bB517m | ||
| 100 | _aBernthal, Mark. | ||
| 245 | _aLet's go visit the school / | ||
| 245 | _cwritten by Mark S. Bernthal ; photography by Dennis Full. | ||
| 260 | _aNew York : | ||
| 260 | _bScholastic, | ||
| 260 | _c©2007. | ||
| 300 | _a1 volume (unpaged) : | ||
| 300 | _bcolor illustrations ; | ||
| 300 | _c21 cm. | ||
| 440 | _aBarney. | ||
| 650 | _aBarney (Fictitious character) -- | ||
| 650 | _aDinosaurs -- | ||
| 650 | _aNursery schools -- | ||
| 650 | _aSchools -- | ||
| 650 | _xJuvenile fiction. | ||
| 650 | _xJuvenile fiction. | ||
| 650 | _xJuvenile fiction. | ||
| 650 | _xJuvenile fiction. | ||
| 999 |
_c306599 _d306599 |
||